书目信息 |
| 题名: |
汉语同族词的系统性与验证方法
|
|
| 作者: | 张博 著 | |
| 分册: | ||
| 出版信息: | 北京 商务印书馆 2003.7 |
|
| 页数: | 12,401页 | |
| 开本: | 21cm | |
| 丛书名: | ||
| 单 册: | ||
| 中图分类: | H13 | |
| 科图分类: | ||
| 主题词: | 汉语--han yu--词汇--研究 , 汉语--han yu , 词汇--ci hui | |
| 电子资源: | ||
| ISBN: | 7-100-03747-6 | |
| 000 | 00982nam0 2200277 450 | |
| 001 | CAL 012006063083 | |
| 005 | 20061031093140.20 | |
| 010 | @a7-100-03747-6@dCNY21.00 | |
| 099 | @aCAL 012006063083 | |
| 100 | @a20060909d2003 em y0chiy0120 ea | |
| 101 | 0 | @achi |
| 102 | @aCN@b110000 | |
| 105 | @ay a 000yy | |
| 200 | 1 | @a汉语同族词的系统性与验证方法@Ahan yu tong zu ci de xi tong xing yu yan zheng fang fa@f张博著 |
| 210 | @a北京@c商务印书馆@d2003.7 | |
| 215 | @a12,401页@d21cm | |
| 300 | @a北京语言大学学术著作出版基金资助出版 | |
| 320 | @a有书目 (第390-398页) | |
| 330 | @a本书共6章, 主要包括: 汉语同语词及其研究方法概说; 汉语义衍同族词的系统性; 汉语音转同族词的系统性; 汉语同族词语义关系的验证方法; 汉语同族词语音关系的验证方法; 汉语词族拟测与验证示例等内容。 | |
| 606 | 0 | @a汉语@Ahan yu@x词汇@x研究 |
| 606 | 0 | @a汉语@Ahan yu |
| 606 | 0 | @a词汇@Aci hui |
| 690 | @aH13@v4 | |
| 701 | 0 | @a张博@Azhang bo@4著 |
| 801 | 0 | @aCN@c20061031 |
| 905 | @a10447@dH13@eZ076 | |
| 汉语同族词的系统性与验证方法/张博著.-北京:商务印书馆,2003.7 |
| 12,401页;21cm |
| 北京语言大学学术著作出版基金资助出版 |
| ISBN 7-100-03747-6:CNY21.00 |
| 本书共6章, 主要包括: 汉语同语词及其研究方法概说; 汉语义衍同族词的系统性; 汉语音转同族词的系统性; 汉语同族词语义关系的验证方法; 汉语同族词语音关系的验证方法; 汉语词族拟测与验证示例等内容。 |
| ● |
| 相关链接 |
|
|
|
正题名:汉语同族词的系统性与验证方法
索取号:H13/Z076
 
预约/预借
| 序号 | 登录号 | 条形码 | 馆藏地/架位号 | 状态 | 备注 |
| 1 | 632535 | 206325350 | 语言库209/209语言库 71排2列6层/ [索取号:H13/Z076] | 在馆 | |
| 2 | 632536 | 206325369 | 语言库209/209语言库 71排2列6层/ [索取号:H13/Z076] | 在馆 | |
| 3 | 632537 | 206325378 | 语言库209/209语言库 71排2列6层/ [索取号:H13/Z076] | 在馆 |